Sports Quiz

Random Sports Quiz

Voices of Boston Sports Quiz Stats

 Plays Quiz not verified by Sporcle

Score 0/14 Timer 05:00
0 Plays Today
Team Announcer % Correct
Red SoxJerry Remy
91.6%
Red SoxDon Orsillo
85.3%
BruinsJack Edwards
67.4%
CelticsTommy Heinsohn
67.4%
BruinsAndy Brickley
63.2%
CelticsMike Gorman
52.6%
PatriotsGil Santos
49.5%
Team Announcer % Correct
Red SoxJoe Castiglione
47.4%
CelticsCedric Maxwell
45.3%
Red SoxDave O'Brien
38.9%
PatriotsGino Cappelletti
36.8%
BruinsBob Beers
35.8%
BruinsDave Goucher
30.5%
CelticsSean Grande
27.4%

You're not logged in!

Compare scores with friends on all Sporcle quizzes.
OR
Log In

Show Comments

Extras

Top Quizzes Today


Score Distribution

Your Account Isn't Verified!

In order to create a playlist on Sporcle, you need to verify the email address you used during registration. Go to your Sporcle Settings to finish the process.

Report this User

Report this user for behavior that violates our Community Guidelines.

Details: